[Event "CRO-chT4A Center"]
[Site "Zagreb"]
[Date "2010.10.17"]
[Round "8.43"]
[White "Ostojic, Branko"]
[Black "Dezelic, Goran"]
[Result "0-1"]
[WhiteElo "1916"]
[BlackElo "1916"]
[PlyCount "110"]
[EventDate "2010.03.21"]
[EventType "team-tourn"]
[EventRounds "11"]
[EventCountry "CRO"]
[SourceTitle "EXT 2012"]
[Source "ChessBase"]
[SourceDate "2011.11.24"]
[SourceVersion "1"]
[SourceVersionDate "2011.11.24"]
[SourceQuality "1"]

1. d4 Nf6 2. Nf3 g6 3. e3 Bg7 4. Bd3 d6 5. Nbd2 c6 6. b3 0-0 7. Bb2 Nbd7 8. 0-0 Re8 9. c4 e5 10. Qc2 Qc7 11. Rad1 a5 12. Rfe1 b6 13. h3 Bb7 14. a4 Rad8 15. e4 exd4 16. Bxd4 Nc5 17. Bf1 Ne6 18. Bc3 Nd7 19. Bxg7 Nxg7 20. g4 Ne5 21. Nh4 Ne6 22. Ng2 g5 23. Qc3 Qe7 24. Nf3 Nxf3+ 25. Qxf3 c5 26. Bd3 Nd4 27. Qg3 Qe5 28. Qe3 Ne6 29. Bb1 Nf4 30. Nxf4 gxf4 31. Qd3 Re6 32. f3 Kf8 33. Re2 Ke7 34. Rh2 h5 35. Kf2 Rh8 36. Rg1 hxg4 37. Rxg4 Reh6 38. Kg2 Bc8 39. Bc2 Bxg4 40. fxg4 f3+ 41. Qxf3 Rf6 42. Qe3 Rf4 43. Rh1 Qg5 44. Qg3 Rf6 45. Rd1 Rfh6 46. e5 dxe5 47. Bf5 Qf4 48. Rd7+ Kf6 49. Qd3 Kg5 50. Rxf7 e4 51. Rg7+ Kh4 52. Qe2 Qg3+ 53. Kf1 Qxh3+ 54. Ke1 Qc3+ 55. Kf1 Qxg7 0-1

[Event "Ivanic Grad CC-ch"]
[Site "Ivanic Grad"]
[Date "2008.03.09"]
[Round "7"]
[White "Dezelic, Goran"]
[Black "Hrvacic, Pavle"]
[Result "0-1"]
[WhiteElo "1908"]
[BlackElo "2296"]
[PlyCount "114"]
[EventDate "2008.02.17"]
[EventType "tourn"]
[EventRounds "7"]
[EventCountry "CRO"]
[SourceTitle "EXT 2010"]
[Source "ChessBase"]
[SourceDate "2010.11.25"]
[SourceVersion "1"]
[SourceVersionDate "2010.11.25"]
[SourceQuality "1"]

1. e4 e5 2. Nf3 Nc6 3. Bb5 a6 4. Ba4 f5 5. d4 fxe4 6. Bxc6 dxc6 7. Nxe5 Nf6 8. Bg5 Bd6 9. Nd2 Bf5 10. f3 exf3 11. Ndxf3 h6 12. Qe2 Qe7 13. Bxf6 gxf6 14. Nh4 fxe5 15. Nxf5 Qg5 16. Rf1 0-0-0 17. h4 Qg8 18. 0-0-0 Qxa2 19. c3 Ba3 20. Qc2 Qa1+ 21. Qb1 Bxb2+ 22. Kc2 Qxb1+ 23. Rxb1 Ba3 24. dxe5 h5 25. Rbe1 Rhg8 26. Re2 Rde8 27. Kd3 Rg6 28. Rf4 Bf8 29. Rfe4 Kd7 30. g4 hxg4 31. Ke3 g3 32. Kf3 c5 33. Nxg3 b5 34. Rg4 Rge6 35. Kf4 Bh6+ 36. Kf5 Rf8+ 37. Ke4 b4 38. cxb4 cxb4 39. Kd5 Rb8 40. Ne4 c6+ 41. Kc4 Bf8 42. Rd2+ Kc7 43. Rg5 b3 44. Rb2 Rb4+ 45. Kd3 a5 46. h5 a4 47. Nd2 Bh6 48. Rg6 Rxg6 49. hxg6 Bxd2 50. Kxd2 Rg4 51. Kc3 Rxg6 52. Kb4 Rg4+ 53. Ka3 Re4 54. Rd2 Kb6 55. Rd8 c5 56. Re8 Kb5 57. e6 Kc4 0-1